The Indian ocean civilisation / (Record no. 144224)

MARC details
000 -LEADER
fixed length control field 00569nam a22001817a 4500
005 - DATE AND TIME OF LATEST TRANSACTION
control field 20170908151017.0
010 ## - LCCN (DPL NO)
LC control number ENG-120371
020 ## - INTERNATIONAL STANDARD BOOK NUMBER
International Standard Book Number 9789384566005
Terms of availability 2000
035 ## - SYSTEM CONTROL NUMBER
System control number EN-103903
037 ## - SOURCE OF ACQUISITION
Source of stock number/acquisition DBAD/PUB
082 ## - DEWEY DECIMAL CLASSIFICATION NUMBER
Classification number 909.09824
100 ## - MAIN ENTRY--PERSONAL NAME
Personal name Mukherjee,Arindam
245 ## - TITLE STATEMENT
Title The Indian ocean civilisation /
Statement of responsibility, etc by Arindam Mukherjee /
260 ## - PUBLICATION, DISTRIBUTION, ETC. (IMPRINT)
Place of publication, distribution, etc Kolkata
Name of publisher, distributor, etc Institute of social and cultural studies
Date of publication, distribution, etc 2015
270 ## - ADDRESS
Address 48/2,Dr.suresh Sarkar Road
City Kolkata
Postal code 700014
300 ## - PHYSICAL DESCRIPTION
Extent 94p.:
Dimensions 29cm(Hb)
Other physical details ill(coll)
942 ## - ADDED ENTRY ELEMENTS (KOHA)
Source of classification or shelving scheme Dewey Decimal Classification
Item type English Books
Classification part 909.09824
Call number suffix MUK
Holdings
Withdrawn status Lost status Not for loan Collection code Home library Current library Date acquired Source of acquisition Cost, normal purchase price Full call number Barcode Copy number Cost, replacement price Koha item type
    Not For Loan Non-fiction D.B.Act.Division D.B.Act.Division 08/09/2017 DBAD/PUB 2000.00 909.09824 MUK EN-103903 1 2000.00 English Books

© Delhi Public Library
Hit Counter
free hit counter